Library Banner

Compendium of landscape architecture & open space design / (Record no. 104338)

MARC details
000 -LEADER
fixed length control field 00445nam a22001577a 4500
005 - DATE AND TIME OF LATEST TRANSACTION
control field 20180414114653.0
008 - FIXED-LENGTH DATA ELEMENTS--GENERAL INFORMATION
fixed length control field 180414b xxu||||| |||| 00| 0 eng d
020 ## - INTERNATIONAL STANDARD BOOK NUMBER
International Standard Book Number 9783037682197
040 ## - CATALOGING SOURCE
Transcribing agency PK-LaUMT
082 ## - DEWEY DECIMAL CLASSIFICATION NUMBER
Classification number 712
Item number LUD-C
100 ## - MAIN ENTRY--PERSONAL NAME
Personal name Ludwig, Karl H. C.
245 ## - TITLE STATEMENT
Title Compendium of landscape architecture & open space design /
Statement of responsibility, etc Karl H. C. Ludwig
260 ## - PUBLICATION, DISTRIBUTION, ETC. (IMPRINT)
Place of publication, distribution, etc Berlin :
Name of publisher, distributor, etc Braun Publishing CH.
Date of publication, distribution, etc 2018
300 ## - PHYSICAL DESCRIPTION
Extent 511 p.
942 ## - ADDED ENTRY ELEMENTS (KOHA)
Koha item type Books
Holdings
Withdrawn status Lost status Damaged status Home library Current library Date acquired Full call number Barcode Date last seen Price effective from Koha item type
      UMT Main Campus UMT Main Campus 2018-04-14 712 LUD-C 120723 2021-11-01 2018-04-14 Books